000 00275nam a2200121 a 4500
001 4140
005 20140414132024.0
008 090218s19uu xx 00 eng d
050 _aTR
_bH87 2000
100 _aArnold, Tedd
245 _aHuggly goes to school.
999 _c113525
_d113525